000 00359 a2200133 4500
003 Nust
005 20170207154024.0
040 _cNust
100 _aDoulos,Hampshire,Ringwood.
245 _aThe Verilog® Golden Reference Guide (E-Book)
_cDoulos,Ringwood,Hampshire
260 _aNorthern Ireland
_bDoulos
_c© Copyright 1996
300 _a151 P;
651 _a(E-Book)
942 _2ddc
_cBK
999 _c191823
_d191823